000 00847nas a2200265 4500
001 BR7500881
003 BR-BrBNA
005 20231205082812.0
007 ta
008 230509b bl.|||p| |||| 00| 00por d
040 _aBR-BrBNA
_bpor
_cBiblioteca Nacional de Agricultura
041 _a(Pt)
072 _aE30; E70
110 1 _aFundacao Joao Pinheiro, Belo Horizonte, MG (Brasil)
_94974
245 1 _aAgricultura, um problema mundial [Comercializacao; Preco; Consumo; Alimento; Minas Gerais; Brasil]
650 _aDesenvolvimento agricola
650 _aComercializacao
650 _aAlimento
650 _aPreco
650 _aConsumo
650 _aMinas Gerais
773 0 _tFundacao J.P. - Analise e Conjuntura (Brazil)
_x
_g(May 1975), v. 5(5) p. 27-30
_wBR7500881
909 _a202311
_bLúcia
_c55
_dLúcia Elande
942 _2AGRIS
_n0
_cANA
999 _c94315
_d94315